| 000 | 03234nam0a2200397 4500 | ||
|---|---|---|---|
| 001 | RU\NLR\BIBL_A\016241710 | ||
| 005 | 20230228085039.0 | ||
| 010 |
_a978-5-00170-683-0 _9500 |
||
| 021 |
_aRU _bКН-П-22-084508 _9КН-П-22-7459 |
||
| 035 | _a(NLR Aleph) 016241710 | ||
| 035 | _a(RuMoRGB)011416689 | ||
| 090 |
_a12799446 _c12799446 |
||
| 100 | _a20221219d2022 u y0rusy50 ca | ||
| 101 | 0 | _arus | |
| 102 | _aRU | ||
| 105 | _ay z 010zy | ||
| 181 | 0 |
_ai4 _baxxe |
|
| 182 | 0 | _an | |
| 200 | 1 |
_aНад бездной. ФСБ против МИ-6 _e(политический детектив, основанный на реальных событиях) _e[посвящается 100-летнему юбилею образования контрразведывательных органов] _fВиктор Порядин, Александр Трапезников |
|
| 203 |
_aТекст _bвизуальный _cнепосредственный |
||
| 210 |
_aМосква _cУ Никитских ворот _d2022 |
||
| 215 |
_a356, [3] с. _d21 |
||
| 300 | _aНа 4-й с. обл. авт.: В. А. Порядин - ген.-майор, канд. юрид. наук, А. А. Трапезников - полк. казачьих войск, | ||
| 330 | _aУ читателя в руках не очередная "шпионская бондиана", а роман о реальной тайной войне спецслужб, где его персонажи живут рядом с нами. Но он также и о противостоянии экзистенциальных мировоззрений, одно из которых ведет человека вниз, к тьме, к краху всего человечества, а другое - вверх, к духовному просветлению и справедливому мироустройству. И эта нравственная борьба началась не сейчас, она идет с библейских времен и, по сути своей, вечна. Но именно в наши дни мир подошел на шаг к бездне. Вот почему авторы дали своему актуальному как никогда произведению именно такое название. И читатель, закрыв последнюю страницу романа, согласится с этим, если заглянет в себя и сделает свой выбор: на чьей он стороне? Шаг за ним | ||
| 333 | _a16+ | ||
| 675 |
_a821.161.1-31 _v4 |
||
| 686 | 2 | _aШ6(2=Р)8-446Порядин | |
| 686 | 2 | _aШ6(2=Р)8-446Трапезников | |
| 700 | 1 |
_7ca _8rus _aПорядин _bВ. А. _cканд. юрид. наук, писатель _f1949- _gВиктор Алексеевич _9263564 _3RU\NLR\AUTH\770263620 |
|
| 701 | 1 |
_7ca _8rus _aТрапезников _bА. А. _f1953- _gАлександр Анатольевич _9124847 _3RU\NLR\AUTH\7715189 |
|
| 942 | _cBOOK | ||
| 980 | _aNB | ||